|
|
|
|
| LEADER |
01522nam a2200409 a 4500 |
| 001 |
35808 |
| 003 |
BD-DhAAL |
| 005 |
20250527115431.0 |
| 008 |
200316t1996 enk b 001 0 eng d |
| 010 |
|
|
|a 97131988
|
| 020 |
|
|
|a 0304331767 (hbk)
|
| 020 |
|
|
|a 0304331791 (pbk)
|
| 020 |
|
|
|a 9780304331796
|
| 035 |
|
|
|a (CU-SB)notisAKG6176
|
| 035 |
|
|
|a (CStRLIN)CASXAKG6176-B
|
| 040 |
|
|
|a IAY
|c IAY
|d DLC
|d BD-DhAAL
|
| 042 |
|
|
|a lccopycat
|
| 050 |
0 |
0 |
|a LB2862
|b .R43 1996
|
| 082 |
0 |
0 |
|a 371.2
|2 21
|
| 245 |
0 |
4 |
|a The reconstruction of education :
|b quality, equality and control /
|c edited by Judith D. Chapman ... [et al.].
|
| 260 |
|
|
|a London ;
|a New York :
|b Cassell,
|c 1996.
|
| 300 |
|
|
|a ix, 240 pages ;
|c 26 cm.
|
| 490 |
|
|
|a School development series
|
| 504 |
|
|
|a Includes bibliographical references and index.
|
| 526 |
|
|
|a BIED
|
| 541 |
|
|
|a Complimentary copy from BIED
|e 35808
|
| 650 |
|
0 |
|a Schools
|x Decentralization.
|9 39906
|
| 650 |
|
0 |
|a School improvement programs.
|9 39907
|
| 650 |
|
0 |
|a School management and organization.
|9 39908
|
| 700 |
1 |
|
|a Chapman, Judith D.
|9 39909
|
| 700 |
1 |
|
|a Boyd, William L.
|9 39910
|
| 700 |
1 |
|
|a Lander, Rolf.
|9 39911
|
| 700 |
1 |
|
|a Reynolds, David.
|9 39912
|
| 852 |
|
|
|a Ayesha Abed Library
|c BIED Collection
|
| 942 |
|
|
|2 ddc
|c BK
|
| 999 |
|
|
|c 42329
|d 42329
|
| 952 |
|
|
|0 0
|1 0
|2 ddc
|4 0
|6 371_200000000000000_REC
|7 0
|9 68202
|a BRACUL
|b BRACUL
|c GEN
|d 2020-03-16
|e Complimentary copy from BIED
|l 0
|o 371.2 REC
|p 3010035808
|r 2020-03-16
|t 1
|w 2020-03-16
|y BK
|x Transferred from BIED to General Stacks
|